000 00579nam a2200193Ia 4500
005 20260601193254.0
008 260601s9999||||xx |||||||||||||| ||und||
020 _a978-981-97-5760-2
_qebk
100 _aJianping Wang
245 0 _aService Science
250 _a2024
260 _aHeidelberg, Germany
_bSpringer Nature
_c2024
440 _aCommunications in Computer and Information Science
650 _aComputer Science
700 _aBin Xiao
700 _aXuanzhe Liu
856 _uhttps://link.springer.com/openurl?genre=book&isbn=978-981-97-5760-2
942 _cEB
_2ddc
999 _c56805
_d56805